Costa Rica contemporánea: raíces del estado de la nación /

Salvato in:
Dettagli Bibliografici
Enti autori: Proyecto Estado de la Nación, Costa Rica. Consejo Nacional de Rectores, Costa Rica. Defensoría de los Habitantes, Naciones Unidas. Programa de las Naciones Unidas para el Desarrollo, PNUD, UE
Natura: Sconosciuto
Pubblicazione: San José: Editorial de la Universidad de Costa Rica
Soggetti:
Tags: Aggiungi Tag
Nessun Tag, puoi essere il primo ad aggiungerne!!

MARC

LEADER 00000 a2200000 04500
001 10971
003
008 991231s d
040 |a CRAI/IIS  |c CRAI/IIS 
090 |a 138004  
110 |a Proyecto Estado de la Nación  
245 |a Costa Rica contemporánea: raíces del estado de la nación /  |c Proyecto Estado de la Nación  
260 |a San José:   |b Editorial de la Universidad de Costa Rica  
300 |a 355 p  
650 |a DESARROLLO SOCIAL  
650 |a POLITICA SOCIAL  
650 |a MARCO INSTITUCIONAL  
650 |a ESTADO  
650 |a MODELOS ECONOMICOS  
650 |a AJUSTE ESTRUCTURAL  
650 |a DESARROLLO SUSTENTABLE  
650 |a CONDICIONES SOCIALES  
710 |a Costa Rica. Consejo Nacional de Rectores  
710 |a Costa Rica. Defensoría de los Habitantes  
710 |a Naciones Unidas. Programa de las Naciones Unidas para el Desarrollo  
710 |a PNUD  
710 |a UE  
999 |c 7373  |d 7373